Writer's guide and index to English /

Bibliographic Details
Main Author: Ebbitt, Wilma R.
Other Authors: Ebbitt, David R., 1919-
Format: Book
Language:English
Published: Glenview, Ill. : Scott, Foresman, [1978]
Edition:6th ed.
Subjects:

MARC

Tag First Indicator Second Indicator Subfields
LEADER 00000pam a2200000 a 4500
001 in00000070398
005 20151008061730.0
008 770721s1978 ilu 00110 engm
010 |a  77021370  
020 |a 0673151093 
035 |a (OCoLC)03202763 
035 |9 AAJ8698AM 
040 |a DLC  |c DLC  |d m.c.  |d TXA  |d UtOrBLW 
049 |a TXAM  |c [1195568] 
050 0 0 |a PE1411  |b .E22 1978 
082 0 |a 808/.042 
100 1 |a Ebbitt, Wilma R. 
245 1 0 |a Writer's guide and index to English /  |c Wilma R. Ebbitt, David R. Ebbitt. 
250 |a 6th ed. 
264 1 |a Glenview, Ill. :  |b Scott, Foresman,  |c [1978] 
264 4 |c ©1978 
300 |a x, 715 pages ;  |c 24 cm. 
336 |a text  |b txt  |2 rdacontent 
337 |a unmediated  |b n  |2 rdamedia 
338 |a volume  |b nc  |2 rdacarrier 
500 |a Fifth edition by P.G. Perrin. 
500 |a Includes index. 
650 0 |a English language  |x Rhetoric. 
700 1 |a Ebbitt, David R.,  |d 1919- 
999 |a MARS 
999 f f |s 7e806b53-7e0e-3496-85c5-c2e20f0b151d  |i b379eff0-d67c-3f28-9d66-d6ecfbaaab57  |t 0 
952 f f |p ric  |a Texas A&M University  |b Rellis Campus  |c Joint Library Facility  |s JLF  |d Remote Storage  |t 0  |e PE1411 .E22 1978  |h Library of Congress classification  |i unmediated -- volume  |m A14806174888 
998 f f |a PE1411 .E22 1978  |t 0  |l Remote Storage